Doméstica: immigrant workers cleaning and caring, in the shadows of affluence /
Збережено в:
| Автор: | |
|---|---|
| Формат: | Книга |
| Мова: | English |
| Опубліковано: |
California:
University of California Press,
2007
|
| Теги: |
Додати тег
Немає тегів, Будьте першим, хто поставить тег для цього запису!
|
MARC
| LEADER | 00000nam a22000007a 4500 | ||
|---|---|---|---|
| 003 | cru CIDCACS/IIS | ||
| 005 | 20180307141445.0 | ||
| 007 | ta | ||
| 008 | 180307t2007 cau|||||r|||||||| ||eng|d | ||
| 999 | |c 41107 |d 41107 | ||
| 020 | |a 9780520251717 | ||
| 040 | |c cru CIDCACS/IIS | ||
| 090 | |a 14.07.01 H772d | ||
| 100 | 1 | |9 6747 |a Hondagneu-Sotelo, Pierrette | |
| 245 | 1 | |a Doméstica: |b immigrant workers cleaning and caring, in the shadows of affluence / |c Pierrette Hondagneu-Sotelo, with a new preface | |
| 260 | |a California: |b University of California Press, |c 2007 | ||
| 300 | |a 284 páginas | ||
| 500 | |a Donado por Joanna Dreby | ||
| 942 | |2 ddc |c LI | ||



